Star Wars Battlefront 2: Game Modes - Statistics

General Stats
  • This quiz has been taken 44 times
  • The average score is 7 of 9
Answer Stats
Hint Answer % Correct
Game Mode Ewok Hunt
97%
Game Mode Hero Showdown
91%
Game Mode Galactic Assault
85%
Game Mode Supremacy
85%
Game Mode Heroes vs Villains
82%
Game Mode Blast
74%
Game Mode Starfighter Assault
71%
Game Mode Strike/extraction
59%
Game Mode Hero starfighters
50%
No matching quizzes found
Score Distribution
Percent of People with Each Score
Percentile by Number Answered
Your Score History
You have not taken this quiz